000 003120000a22001450004500
003 MACL
040 _aMACL
090 _c35016
_d35014
100 _aArkin, Herbert
245 _aStatistical Methods
260 _bBarnes & Noble
_c1957
650 _aStatistics
942 _cBOOK
_k310/ARK
951 _o310/ARK BOOK
999 _c34648
_d34648